| 000 | 01166cam a2200349 i 4500 | ||
|---|---|---|---|
| 999 |
_c200130782 _d30397 |
||
| 001 | 200130782 | ||
| 003 | TR-AnTOB | ||
| 005 | 20191009215018.0 | ||
| 007 | ta | ||
| 008 | 131104s20121996000 0 d | ||
| 020 | _a9789754705300 | ||
| 040 |
_aTR-AnTOB _beng _erda _cTR-AnTOB _dTR-AnTOB |
||
| 041 | _atur | ||
| 050 | 0 | 0 | _aCB427 |
| 090 |
_aCB427 _bA7419 2012 |
||
| 100 | 1 |
_aArendt, Hannah, _d1906-1975 _eauthor _993981 |
|
| 240 |
_aBetween past and future _lTurkish |
||
| 245 | 1 | 0 |
_aGeçmişle gelecek arasında : _bsiyasi düşünce konulu altı deneme=between past and future / _cHannah Arendt ; çeviren Bahadır Sina Şener. |
| 246 | _aBetween past and future | ||
| 264 | 1 |
_aİstanbul : _bİletişim , _c2012 |
|
| 264 | 4 | _c©1996 | |
| 300 |
_a319 pages ; _c13 cm |
||
| 336 |
_atext _2rdacontent _btxt |
||
| 337 |
_2rdamedia _aunmediated _bn |
||
| 338 |
_avolume _2rdacarrier _bnc |
||
| 490 | 0 |
_aİletişim Yayınları ; _v351 _aPolitika Dizisi ; _v17 |
|
| 650 | 0 |
_aUygarlık, Modern _y1950- _x1950- _914713 |
|
| 650 | 0 |
_aCivilization, Modern _y1950- _927967 |
|
| 700 |
_aŞener, Bahadır Sina _etranslator _9119024 |
||
| 942 |
_cBK _2lcc |
||